Responses for show #2637 - Tuesday, February 6, 1996

Contestants

[<< previous game]

Gregg Lange, a management consultant from Montclair, New Jersey

Susan Rothberg, a tax preparer from Westbury, New York

Don Richardson, a software engineer from Haymarket, Virginia (whose 1-day cash winnings total $15,700)

Jeopardy! Round responses

U.S. HISTORY
TELEVISION
SICKNESS & HEALTH
SAINTS
TUNNELS
CROSSWORD CLUES "R"
    $100 1
a cemetery

Don
    $100 11
Home Improvement

Gregg
    $100 6
stuttering

Susan
    $100 22
Joan of Arc

Susan
    $100 21
the Hudson

Gregg
    $100 16
a raven

Don
    $200 2
Watergate

Gregg
    $200 12
(David) Caruso

Susan
    $200 7
the pulse

Gregg
    $200 27
Canterbury

Don
    $200 23
Dover

Don
    $200 17
a red carpet

Don
    $300 3
Martin Van Buren

Susan
    $300 13
(Virgil) Tibbs

Susan
    $300 8
rabies

Don
    $300 28
Hungary

Don
    $300 24
Liverpool

Gregg
    $300 18
ragtime

Susan
    $400 4
La Guardia

Susan
    $400 14
[NOTE: Susan's correct response was only the character's name.]

Marcus Welby, M.D.

Susan
    $400 9
vertebrae

Susan
    $400 29
(Don: Who is Valentine?)

St. Nicholas

Don
Triple Stumper
    $400 25
the Donner Pass

Don
    $400 19
rayon

Don
    $500 5
(Alf) Landon

Susan
    $500 15
Bob Newhart

Susan
    $1,000 10
insulin

Susan
    $500 30
(St.) David

Don
    $500 26
Switzerland & Italy

Susan
    $500 20
(Gregg: Who is Renault?)

Reynard

Gregg
Triple Stumper

Scores at the first commercial break (after clue 15):

Don Susan Gregg
$400 $4,100 $500

Scores at the end of the Jeopardy! Round:

Don Susan Gregg
$2,300 $5,000 $400

Double Jeopardy! Round responses

FAMOUS AMERICANS
MUSICAL THEATRE
THE PLANETS
FRENCH CUISINE
POETRY
"A" IN GEOGRAPHY
    $200 12
MacArthur

Gregg
    $200 17
(Gregg: Who is Rex Harrison?)

Yul Brynner

SusanGregg
    $200 1
Mars

Don
    $200 30
eggs

Don
    $200 6
Casey at the Bat

Susan
    $200 7
Alberta

Gregg
    $400 13
Frank Lloyd Wright

Gregg
    $400 18
Hair

Gregg
    $400 2
Mercury

Gregg
    $400 29
anchovies

Don
    $400 22
Frost

Gregg
    $400 8
(Don: What is Morocco?)
...
(Alex: Remember, Don, the category is "A" IN GEOGRAPHY.)

Algeria

DonGregg
    $1,500 14
(Gregg: Who is Guggenheim?)

Armand Hammer

Gregg
    $600 19
Guys and Dolls

Don
    $600 3
the Earth

Susan
    $600 28
vanilla

Gregg
    $600 23
Whitman

Gregg
    $600 9
Antigua

Susan
    $800 15
Kit Carson

Don
    $800 20
How to Succeed in Business Without Really Trying

Gregg
    $800 4
(Don: What is Jupiter?)

Venus

DonSusan
    $800 27
duck

Don
    $800 24
Beowulf

Don
    $800 10
Ankara

Don
    $1000 16
John Hancock

Don
    $1000 21
Godspell

Don
    $1000 5
(Susan: What is Saturn?)
(Don: What is Jupiter?)

Neptune

DonSusanGregg
    $1000 26
strawberries

Don
    $2,500 25
(Don: Who is Hero?)
...
(Alex: One minute to go.)

John Keats

Don
    $1000 11
Azerbaijan

Don

Scores at the end of the Double Jeopardy! Round:

Don Susan Gregg
$6,200 $6,400 $4,100

[wagering suggestions for these scores]

Final Jeopardy! Round responses

SHAKESPEARE
(Alex: [Before going to the contestant responses] One is easy; one's a killer.)
...
(Alex: What are King Lear & Preston?)
(Gregg: My 9-year-old son.)
[Laughter]
(Alex: Well, one of them is right... and the other is not.)
GreggWhat are King Lear & Preston
$4,000
DonWhat are Lear + John?
$6,200
SusanWhat are King Lear +
$6,000
King Lear & King John

Final scores:

Don Susan Gregg
$12,400 $400 $100
2-day champion: $28,100 2nd place: Gateway 2000 PC & Corel Draw! 5 software + GameTek Jeopardy! 3rd place: Helbros his & hers watches + GameTek Jeopardy!

Game dynamics:

Coryat scores:

Don Susan Gregg
$8,700 $5,900 $5,600
22 R,
5 W
(including 1 DD)
18 R
(including 1 DD),
1 W
16 R,
3 W
(including 1 DD)

Combined Coryat: $20,200

The J! Archive is created by fans, for fans. The Jeopardy! game show and all elements thereof, including but not limited to copyright and trademark thereto, are the property of Jeopardy Productions, Inc. and are protected under law. This website is not affiliated with, sponsored by, or operated by Jeopardy Productions, Inc. Join the discussion at JBoard.tv.